000
00303nam a2200133 a 4500
001
4175
003
CDMR
005
20130116135253.0
008
130130s1993||||||||||||||||||||||||||||d
040
_a
CDMR
_b
cat
_c
CPC GIRONA
245
0
_a
Catalunya - Museus
_c
Varis
260
_c
1993
_b
Generalitat
942
_c
MON
999
_c
4175
_d
4175